| 000 | 00464nam a2200157 4500 | ||
|---|---|---|---|
| 001 | 112494 | ||
| 003 | ES-MaACL | ||
| 005 | 20230906185535.0 | ||
| 007 | t| | ||
| 008 | 061121s1966 sp r ||||1| spa d | ||
| 100 | 1 |
_aMuñoz y Núñez de Prado, Jesús. _984517 |
|
| 245 | 1 | 0 |
_aJusticia preventiva / _cJesús Muñoz y Núñez de Prado. |
| 260 |
_aPamplona : _b[s.n.], _c1966 ( _fGráf. Irujo) |
||
| 300 |
_a55 p. ; _c18 cm. |
||
| 852 |
_aES-MaACL _jC-29173 _bR.59516 |
||
| 999 |
_c112494 _d112494 |
||